000 00282nam a22001217a 4500
008 170616b xxu||||| |||| 00| 0 eng d
041 _aeng
080 _a94
100 _a18
101 _aSHH
245 _aTHE WAR A SECRET WHITE HOUSE HISTORY
_cSIMON.SCH
942 _2udc
_cBK
999 _c17929
_d17929